| 000 | 00733cam a2200253 a 4500 | ||
|---|---|---|---|
| 999 |
_c3754 _d3754 |
||
| 001 | 2388939 | ||
| 003 | GBCCL | ||
| 005 | 20241126110502.0 | ||
| 008 | 850829s1986 ilu 000 0 eng | ||
| 010 | _a 85062721 | ||
| 020 | _a0896933652 (pbk.) | ||
| 040 |
_aDLC _cDLC _dDLC |
||
| 050 | 0 | 0 |
_aBV4905.2 _b.P69 1986 |
| 082 | 0 | 0 |
_a248.4861 _219 _bPOW |
| 100 | 1 |
_aPowell, Paul W. _9212 |
|
| 245 | 1 | 0 |
_aWhen the hurt won't go away / _cPaul W. Powell. |
| 260 |
_aWheaton, Ill. : _bVictor Books, _cc1986. |
||
| 300 |
_a144 p. ; _c21 cm. |
||
| 600 | 0 | 0 |
_aJob _c(Biblical figure) _96775 |
| 650 | 0 |
_aConsolation. _9348 |
|
| 740 | 0 | _aWhen the hurt would not go away. | |
| 906 |
_a7 _bcbc _corignew _d3 _eopcn _f19 _gy-gencatlg |
||
| 942 |
_2ddc _cBK |
||